Les matériels de l'armée française (Terre) en photos - Statistiques

Statistiques générales
  • Ce quiz a été pris 314 fois
  • Le résultat moyen est 12 sur 48
Statistiques - réponses
Par images Réponse % Correct
Hélicoptère {Tigre}
78%
Char {Leclerc}
74%
Hélicoptère {Gazelle}
72%
VBMR {Griffon}
68%
EBRC {Jaguar}
59%
Hélicoptère {Puma}
57%
VBMR-L {Serval}
57%
AMX {10-RC}
55%
VAB ou Véhicule de l'{avant blindé}
54%
Canon {Caesar}
51%
Hélicoptère {Caracal}
47%
Hélicoptère {Caïman}
44%
Hélicoptère {Cougar}
41%
PVP ou Petit {véhicule protégé}
36%
{Renault} GBC 180
34%
{Renault} TRM 2000
34%
Hélicoptère {Fennec}
31%
{Mortier} 120 RT
31%
{Peugeot} P4
30%
Camion blindé {Aravis}
19%
EBG ou Engin {Blindé du Génie}
19%
Canon tracté TRF1 de {155} mm
17%
VAB {Méphisto}
17%
AMX {AuF 1}
16%
{Masstech} T4
15%
Avion {Pilatus} PC-6
12%
Drone {Patroller}
12%
Land Rover {Defender}
11%
Char DNG ou Dépanneur {nouvelle génération}
10%
Drone {Sperwer}
10%
{Panhard} VBL
10%
VHL ou Véhicule à {haute mobilité}
10%
Camio citerne {Carapace}
9%
{ACMAT} VT4
8%
VLRA ou Véhicule {léger de reconnaissance et d'appui}
8%
SOUVIM ou Système d'{ouverture d'itinéraire miné}
6%
EFA ou Engin de {franchissement de l'avant}
5%
Lance-{roquettes multiples} M270
4%
PPT ou Porteur {polyvalent terrestre}
4%
Renault {Sherpa} III
4%
MPFM ou Module de {pont flottant motorisé}
3%
AMX {10 PH}
2%
CCP ou camion {citene polyvalent}
2%
Drone {Spy ranger}
2%
SPRAT ou Système de {pose rapide de travures}
2%
MFRD ou Moyen de {forage rapide de destruction}
1%
VBCI ou Véhicule {Blinde de combat d'infanterie
0%
VPCM ou Véhicule {porte-conteneurs maritimes}
0%
Aucun quiz correspondant
Distribution des résultats
% des personnes avec chaque résultat
Percentile par nombre de réponses
Votre historique - résultats
Vous n’avez pas pris ce quiz